[Event "Titled Tuesday intern op 24th Sep Early"]
[Site "Chess.com INT"]
[Date "2024.09.24"]
[Round "10"]
[White "Abel Mathewos, Tilahun"]
[Black "Kukreja, Sankalp"]
[Result "0-1"]
[WhiteElo "1911"]
[BlackElo "2158"]
[PlyCount "96"]
[EventDate "2024.09.24"]
[EventType "swiss (blitz)"]
[EventRounds "11"]
[EventCountry "USA"]
[SourceTitle "EXT 2025"]
[Source "ChessBase"]
[SourceDate "2024.10.14"]
[SourceVersion "1"]
[SourceVersionDate "2024.10.14"]
[SourceQuality "1"]

1. d4 d5 2. c4 c6 3. Nf3 Nf6 4. Nc3 dxc4 5. e3 b5 6. a4 b4 7. Na2 e6 8. Bxc4 Be7 9. 0-0 0-0 10. b3 Bb7 11. Bb2 Nbd7 12. Nc1 c5 13. Nd3 cxd4 14. exd4 Qb6 15. a5 Qd6 16. a6 Bd5 17. Nde5 Rac8 18. Qe2 Nb6 19. Bxd5 Nbxd5 20. Rfc1 Rfd8 21. g3 Qb6 22. Nc4 Qb8 23. Nfe5 Nd7 24. h4 Nxe5 25. Nxe5 Qb6 26. Qf3 Bf6 27. Nc4 Qc7 28. h5 Nc3 29. Bxc3 bxc3 30. h6 Bxd4 31. hxg7 Bxg7 32. Ra5 Rb8 33. Rh5 Rxb3 34. Qe4 h6 35. Rh4 Rd4 36. Qa8+ Rb8 37. Qf3 Rxh4 38. gxh4 Qxc4 39. Rd1 c2 40. Rc1 Rb1 41. Qe3 Rxc1+ 42. Qxc1 Qd3 43. Kg2 Qd1 44. Qf4 c1Q 45. Qb8+ Bf8 46. Qf4 Qxf4 47. f3 Qdxf3+ 48. Kg1 Bc5# 0-1

[Event "Titled Tuesday intern op 24th Sep Early"]
[Site "Chess.com INT"]
[Date "2024.09.24"]
[Round "6"]
[White "Kalyani, Sirin"]
[Black "Kukreja, Sankalp"]
[Result "0-1"]
[WhiteElo "2193"]
[BlackElo "2158"]
[PlyCount "164"]
[EventDate "2024.09.24"]
[EventType "swiss (blitz)"]
[EventRounds "11"]
[EventCountry "USA"]
[SourceTitle "EXT 2025"]
[Source "ChessBase"]
[SourceDate "2024.10.14"]
[SourceVersion "1"]
[SourceVersionDate "2024.10.14"]
[SourceQuality "1"]

1. d4 d5 2. Nf3 Nf6 3. Bf4 c5 4. e3 Nc6 5. c3 Qb6 6. Qb3 c4 7. Qxb6 axb6 8. Na3 Ra5 9. h3 Bf5 10. Nh4 Bg6 11. Nxg6 hxg6 12. Nc2 b5 13. f3 e6 14. a3 Nd7 15. Kd2 Nb6 16. Be2 Kd7 17. e4 Bd6 18. e5 Be7 19. Nb4 Rha8 20. Nc2 Na4 21. Rab1 R5a7 22. h4 Rh8 23. g3 Na5 24. Ke3 Nb3 25. Bg5 f6 26. Bf4 Raa8 27. g4 Raf8 28. Bg3 f5 29. g5 Nb6 30. f4 Na5 31. Ne1 Nc6 32. Rh2 Nc8 33. Ng2 Bd8 34. Rbh1 N8e7 35. h5 gxh5 36. Rxh5 Ng6 37. Rxh8 Rxh8 38. Rxh8 Nxh8 39. Nh4 g6 40. Ng2 Ne7 41. Kd2 Nf7 42. Ne3 Ba5 43. Ng2 Nd8 44. Nh4 Ndc6 45. Kc2 Bc7 46. b3 Na5 47. bxc4 bxc4 48. Kb2 Nac6 49. Bd1 b5 50. a4 b4 51. Be1 Ba5 52. Nf3 b3 53. Nh4 Nb8 54. Ka3 Kc7 55. Bd2 Nd7 56. Kb2 Nb6 57. Ka3 Kb7 58. Be1 Kc6 59. Bd2 Nbc8 60. Be1 Bd8 61. Bd2 Nb6 62. Be1 Kd7 63. a5 Nbc8 64. Kb4 Nc6+ 65. Ka3 N8e7 66. a6 Kc7 67. Bd2 Kb6 68. Be1 Kxa6 69. Bd2 Kb5 70. Kb2 Ba5 71. Ka3 Nb8 72. Kb2 Nd7 73. Ka3 Nb6 74. Kb2 Na4+ 75. Kc1 Bxc3 76. Bxc3 Nxc3 77. Bh5 gxh5 78. g6 Nxg6 79. Nxg6 Kb4 80. Nf8 Na2+ 81. Kb2 c3+ 82. Ka1 c2 0-1

[Event "Titled Tuesday intern op 24th Sep Early"]
[Site "Chess.com INT"]
[Date "2024.09.24"]
[Round "7"]
[White "Kukreja, Sankalp"]
[Black "Bagwe, Gaurang"]
[Result "0-1"]
[WhiteElo "2158"]
[BlackElo "2297"]
[PlyCount "78"]
[EventDate "2024.09.24"]
[EventType "swiss (blitz)"]
[EventRounds "11"]
[EventCountry "USA"]
[SourceTitle "EXT 2025"]
[Source "ChessBase"]
[SourceDate "2024.10.14"]
[SourceVersion "1"]
[SourceVersionDate "2024.10.14"]
[SourceQuality "1"]

1. e4 c5 2. Nf3 d6 3. d4 cxd4 4. Nxd4 Nf6 5. Nc3 g6 6. Be3 Bg7 7. f3 0-0 8. Bc4 Nc6 9. Qd2 Bd7 10. 0-0-0 Ne5 11. Bb3 Qa5 12. Kb1 Rfc8 13. Bg5 Nc4 14. Bxc4 Rxc4 15. Nb3 Qa6 16. Bxf6 Bxf6 17. Nd5 Bg7 18. Nxe7+ Kf8 19. Nd5 Rac8 20. Nb4 Qb6 21. Qxd6+ Qxd6 22. Rxd6 Be6 23. c3 b6 24. Rhd1 Ke7 25. R6d2 Be5 26. Nd5+ Kf8 27. f4 Bg7 28. Nd4 Bd7 29. Ne3 R4c7 30. e5 a5 31. g4 a4 32. a3 g5 33. Ndf5 gxf4 34. Rxd7 Rxd7 35. Rxd7 fxe3 36. Nxg7 e2 37. Ne6+ fxe6 38. Rxh7 e1Q+ 39. Ka2 Qxe5 0-1

[Event "Titled Tuesday intern op 16th Apr Early"]
[Site "Chess.com INT"]
[Date "2024.04.16"]
[Round "5"]
[White "Carrillo Marval, Maria Angelica"]
[Black "Kukreja, Sankalp"]
[Result "1-0"]
[WhiteElo "1794"]
[BlackElo "2158"]
[PlyCount "65"]
[EventDate "2024.04.16"]
[EventType "swiss (blitz)"]
[EventRounds "11"]
[EventCountry "USA"]
[SourceTitle "CBM 219 Extra"]
[Source "ChessBase"]
[SourceDate "2024.05.31"]
[SourceVersion "1"]
[SourceVersionDate "2024.05.31"]
[SourceQuality "1"]

1. e4 c5 2. Nf3 g6 3. d4 cxd4 4. Nxd4 Bg7 5. c4 Nc6 6. Be3 Nf6 7. Nc3 0-0 8. Qd2 Ng4 9. Nxc6 bxc6 10. Bd4 Bxd4 11. Qxd4 Qb6 12. Qxb6 axb6 13. Be2 d6 14. 0-0 Be6 15. b3 f5 16. h3 Nf6 17. exf5 gxf5 18. Bf3 d5 19. Rfe1 Kf7 20. cxd5 cxd5 21. Nb5 Rac8 22. Nd4 Bd7 23. Rad1 Ne4 24. Bh5+ Kf6 25. Bf3 e5 26. Ne2 Be6 27. Bxe4 fxe4 28. Ng3 Rg8 29. Nh5+ Ke7 30. Kh2 Rc2 31. a4 Rxf2 32. Rg1 e3 33. Rde1 1-0

[Event "Titled Tuesday intern op 09th Apr Early"]
[Site "Chess.com INT"]
[Date "2024.04.09"]
[Round "7"]
[White "Ivanov, Aleksandr Y"]
[Black "Kukreja, Sankalp"]
[Result "0-1"]
[WhiteElo "2068"]
[BlackElo "2158"]
[PlyCount "110"]
[EventDate "2024.04.09"]
[EventType "swiss (blitz)"]
[EventRounds "11"]
[EventCountry "USA"]
[SourceTitle "EXT 2025"]
[Source "ChessBase"]
[SourceDate "2024.10.14"]
[SourceVersion "1"]
[SourceVersionDate "2024.10.14"]
[SourceQuality "1"]

1. d4 d5 2. c4 c6 3. cxd5 cxd5 4. Bf4 Nf6 5. e3 Bf5 6. Qb3 Qc8 7. Nc3 e6 8. Nf3 Nc6 9. Bb5 Be7 10. Ne5 0-0 11. 0-0 Nh5 12. Bg3 Nxg3 13. hxg3 Nxe5 14. dxe5 Qc7 15. Be2 Qxe5 16. Qxb7 Bc5 17. Na4 Rab8 18. Qa6 Bb6 19. Bd3 Bxd3 20. Qxd3 Rfc8 21. Rfc1 Qd6 22. b3 e5 23. Nxb6 axb6 24. Rd1 Rd8 25. Qb5 d4 26. exd4 exd4 27. Rd3 Qc5 28. Qxc5 bxc5 29. Rc1 Rb5 30. Kf1 Ra5 31. a4 f6 32. Ke2 Kf7 33. Kd2 Ke6 34. Rc4 Kd5 35. Rf3 Rb8 36. Rf5+ Ke6 37. Rf3 f5 38. Kc2 g6 39. g4 fxg4 40. Rf4 h5 41. Re4+ Kd5 42. Re7 Ra6 43. Rc7 Rc6 44. Rg7 Rf8 45. f3 gxf3 46. gxf3 Rxf3 47. a5 Rf2+ 48. Kb1 Ra6 49. Rd7+ Kc6 50. Rd8 Rxa5 51. Rc8+ Kd5 52. Rd8+ Ke4 53. Re8+ Kd3 54. Re1 Rb5 55. Rd1+ Ke2 0-1

[Event "Titled Tuesday intern op 09th Apr Early"]
[Site "Chess.com INT"]
[Date "2024.04.09"]
[Round "6"]
[White "Kukreja, Sankalp"]
[Black "Dahlgren, James Allen"]
[Result "1-0"]
[WhiteElo "2158"]
[BlackElo "1868"]
[PlyCount "69"]
[EventDate "2024.04.09"]
[EventType "swiss (blitz)"]
[EventRounds "11"]
[EventCountry "USA"]
[SourceTitle "EXT 2025"]
[Source "ChessBase"]
[SourceDate "2024.10.14"]
[SourceVersion "1"]
[SourceVersionDate "2024.10.14"]
[SourceQuality "1"]

1. e4 e6 2. d4 c5 3. c3 d5 4. e5 Nc6 5. Nf3 Nge7 6. a3 a5 7. Bd3 Nf5 8. Bxf5 exf5 9. 0-0 Be7 10. Nbd2 cxd4 11. cxd4 g5 12. Nb1 f4 13. Nc3 Bg4 14. Qd3 Qb6 15. Nxd5 Qd8 16. Qe4 Bxf3 17. gxf3 0-0 18. Kh1 f5 19. exf6 Bxf6 20. Nxf6+ Qxf6 21. d5 Rfe8 22. Qa4 Nd4 23. Rg1 Nxf3 24. Bxf4 Nxg1 25. Rxg1 h6 26. h4 Qf5 27. hxg5 Qxd5+ 28. Kh2 Re2 29. gxh6+ Kf7 30. Rg7+ Ke6 31. Bg3 Qh5+ 32. Kg2 Qd5+ 33. Kf1 Re4 34. Qc2 Rf8 35. Rg6+ 1-0

[Event "Titled Tuesday intern op 12th Dec Early"]
[Site "Chess.com INT"]
[Date "2023.12.12"]
[Round "2"]
[White "Kukreja, Sankalp"]
[Black "Monpeurt, Cyrielle"]
[Result "0-1"]
[WhiteElo "2158"]
[BlackElo "2187"]
[PlyCount "40"]
[EventDate "2023.12.12"]
[EventType "swiss (blitz)"]
[EventRounds "11"]
[EventCountry "USA"]
[SourceTitle "CBM 217 Extra"]
[Source "ChessBase"]
[SourceDate "2024.01.31"]
[SourceVersion "1"]
[SourceVersionDate "2024.01.31"]
[SourceQuality "1"]

1. e4 d5 2. exd5 Qxd5 3. Nc3 Qd6 4. d4 Nf6 5. Nf3 Bg4 6. Bd3 Nc6 7. Ne4 Nxe4 8. Bxe4 Qe6 9. Qd3 f5 10. Ng5 fxe4 11. Nxe6 exd3 12. Nxc7+ Kd7 13. Nxa8 Nxd4 14. 0-0 Be2 15. Be3 Nxc2 16. Rad1 Nxe3 17. fxe3 e5 18. Rfe1 Bxd1 19. Rxd1 e4 20. Rc1 Bd6 0-1

[Event "Titled Tuesday intern op 07th Nov Early"]
[Site "Chess.com INT"]
[Date "2023.11.07"]
[Round "3"]
[White "Kukreja, Sankalp"]
[Black "Kvaloy, Aksel Bu"]
[Result "0-1"]
[WhiteElo "2158"]
[BlackElo "2457"]
[PlyCount "88"]
[EventDate "2023.11.07"]
[EventType "swiss (blitz)"]
[EventRounds "11"]
[EventCountry "USA"]
[SourceTitle "EXT 2025"]
[Source "ChessBase"]
[SourceDate "2024.10.14"]
[SourceVersion "1"]
[SourceVersionDate "2024.10.14"]
[SourceQuality "1"]

1. e4 e5 2. Nf3 Nf6 3. Nxe5 Nc6 4. Nxc6 dxc6 5. d3 Bc5 6. Be2 h5 7. c3 Ng4 8. d4 Qh4 9. g3 Qf6 10. Bf4 g5 11. Bxg4 Bxg4 12. Be5 Qxe5 13. Qxg4 hxg4 14. dxe5 0-0-0 15. Ke2 Rhe8 16. Nd2 Rxe5 17. Rad1 f5 18. Rhe1 fxe4 19. Kf1 Red5 20. Ke2 Bxf2 21. Rf1 e3 22. Ne4 Rxd1 23. Rxd1 Rh8 24. Rh1 Kd7 25. Nxf2 exf2 26. Kxf2 Ke6 27. Re1+ Kf5 28. Kg2 Rd8 29. Re2 Rd1 30. a3 c5 31. Kf2 c4 32. Ke3 b5 33. Rf2+ Ke5 34. Rf7 Re1+ 35. Kd2 Rh1 36. Rxc7 Rxh2+ 37. Kc1 Ke4 38. Rc5 Rg2 39. Rxb5 Rxg3 40. Rxg5 Rg1+ 41. Kc2 g3 42. Rg4+ Kf3 43. Rxc4 g2 44. Rc7 Rc1+ 0-1

[Event "Titled Tuesday intern op 07th Nov Early"]
[Site "Chess.com INT"]
[Date "2023.11.07"]
[Round "1"]
[White "Kukreja, Sankalp"]
[Black "Starozhilov, Leonid"]
[Result "1-0"]
[WhiteElo "2158"]
[BlackElo "2285"]
[PlyCount "67"]
[EventDate "2023.11.07"]
[EventType "swiss (blitz)"]
[EventRounds "11"]
[EventCountry "USA"]
[SourceTitle "EXT 2025"]
[Source "ChessBase"]
[SourceDate "2024.10.14"]
[SourceVersion "1"]
[SourceVersionDate "2024.10.14"]
[SourceQuality "1"]

1. e4 g6 2. d4 Bg7 3. Nf3 d6 4. Bc4 Nf6 5. Qe2 Nc6 6. 0-0 e5 7. Rd1 Bg4 8. c3 0-0 9. h3 Bxf3 10. Qxf3 Nd7 11. Be3 Nb6 12. Bb3 Na5 13. Nd2 Nxb3 14. axb3 Qe7 15. Nc4 Nxc4 16. bxc4 a6 17. Re1 Rfe8 18. Rad1 b6 19. Qg4 h5 20. Qg3 exd4 21. Bxd4 a5 22. f4 Bxd4+ 23. cxd4 Kg7 24. f5 c5 25. e5 dxe5 26. dxe5 Kh7 27. e6 Rg8 28. Rd7 Qe8 29. Rxf7+ Kh6 30. h4 g5 31. Qe5 Qd8 32. e7 Qd4+ 33. Qxd4 cxd4 34. Re6+ 1-0

[Event "Titled Tuesday intern op 31st Oct Early"]
[Site "Chess.com INT"]
[Date "2023.10.31"]
[Round "3"]
[White "Kukreja, Sankalp"]
[Black "Pinheiro, Iung Alicio"]
[Result "0-1"]
[WhiteElo "2158"]
[BlackElo "2306"]
[PlyCount "76"]
[EventDate "2023.10.31"]
[EventType "swiss (blitz)"]
[EventRounds "11"]
[EventCountry "USA"]
[SourceTitle "EXT 2025"]
[Source "ChessBase"]
[SourceDate "2024.10.14"]
[SourceVersion "1"]
[SourceVersionDate "2024.10.14"]
[SourceQuality "1"]

1. e4 c5 2. Nf3 Nc6 3. d4 cxd4 4. Nxd4 e5 5. Nb5 d6 6. N1c3 a6 7. Na3 Be7 8. Nd5 Nf6 9. Be3 Nxd5 10. exd5 Nb8 11. Bd3 0-0 12. 0-0 f5 13. f4 Nd7 14. c4 b6 15. Nc2 a5 16. Rc1 Nc5 17. Re1 Bf6 18. b3 Bd7 19. Qd2 Qe8 20. Re2 Qh5 21. Ne1 Rae8 22. Rf2 h6 23. Bb1 exf4 24. Bxf4 Be5 25. Nf3 g5 26. Bxe5 dxe5 27. Re1 e4 28. Nd4 f4 29. Qc3 Qf7 30. Rfe2 e3 31. Qc2 Qg7 32. Nf3 g4 33. Nh4 f3 34. Rxe3 f2+ 35. Qxf2 Rxf2 36. Rxe8+ Bxe8 37. Rxe8+ Rf8 38. Rxf8+ Qxf8 0-1

[Event "Titled Tuesday intern op 31st Oct Early"]
[Site "Chess.com INT"]
[Date "2023.10.31"]
[Round "1"]
[White "Kukreja, Sankalp"]
[Black "Srihari, LR."]
[Result "0-1"]
[WhiteElo "2158"]
[BlackElo "2460"]
[PlyCount "72"]
[EventDate "2023.10.31"]
[EventType "swiss (blitz)"]
[EventRounds "11"]
[EventCountry "USA"]
[SourceTitle "EXT 2025"]
[Source "ChessBase"]
[SourceDate "2024.10.14"]
[SourceVersion "1"]
[SourceVersionDate "2024.10.14"]
[SourceQuality "1"]

1. e4 d6 2. d4 Nf6 3. Bd3 e5 4. Nf3 Nc6 5. Be3 exd4 6. Nxd4 Ne5 7. 0-0 Be7 8. h3 0-0 9. f4 Nxd3 10. cxd3 c5 11. Nf3 d5 12. e5 Nd7 13. d4 f5 14. Nc3 cxd4 15. Nxd4 Nb6 16. Rc1 Kh8 17. Qd3 Bd7 18. b3 Rc8 19. Rfd1 a6 20. Nce2 Ba3 21. Rxc8 Nxc8 22. e6 Be8 23. Nxf5 Bg6 24. Neg3 Ne7 25. b4 Bxb4 26. Qd4 Bxf5 27. Qxb4 Bxe6 28. Bc5 Rf7 29. Re1 Nc6 30. Rxe6 Nxb4 31. Bxb4 h6 32. Nh5 Kh7 33. Bc3 Qc8 34. Re3 Qc4 35. Ng3 d4 36. Re4 Qxc3 0-1

[Event "Titled Tuesday intern op 31st Oct Early"]
[Site "Chess.com INT"]
[Date "2023.10.31"]
[Round "6"]
[White "Laddha, Shubh Jayesh"]
[Black "Kukreja, Sankalp"]
[Result "1-0"]
[WhiteElo "2373"]
[BlackElo "2158"]
[PlyCount "47"]
[EventDate "2023.10.31"]
[EventType "swiss (blitz)"]
[EventRounds "11"]
[EventCountry "USA"]
[SourceTitle "EXT 2025"]
[Source "ChessBase"]
[SourceDate "2024.10.14"]
[SourceVersion "1"]
[SourceVersionDate "2024.10.14"]
[SourceQuality "1"]

1. e4 c5 2. Nf3 g6 3. d4 cxd4 4. Nxd4 Bg7 5. c4 Nc6 6. Be3 Nf6 7. Nc3 0-0 8. Be2 b6 9. 0-0 Bb7 10. f3 e6 11. Ndb5 d5 12. cxd5 exd5 13. exd5 Nb4 14. d6 Nfd5 15. Bf2 a6 16. Nc7 Nxc7 17. Bxb6 Bxc3 18. Bxc7 Qg5 19. bxc3 Nd5 20. Qd4 Nxc7 21. dxc7 Rac8 22. Qb6 Qd5 23. Rab1 Ba8 24. Bxa6 1-0

[Event "Titled Tuesday intern op 24th Oct Early"]
[Site "Chess.com INT"]
[Date "2023.10.24"]
[Round "6"]
[White "Ginzburg, Yakov"]
[Black "Kukreja, Sankalp"]
[Result "0-1"]
[WhiteElo "2405"]
[BlackElo "2158"]
[PlyCount "76"]
[EventDate "2023.10.24"]
[EventType "swiss (blitz)"]
[EventRounds "11"]
[EventCountry "USA"]
[SourceTitle "EXT 2025"]
[Source "ChessBase"]
[SourceDate "2024.10.14"]
[SourceVersion "1"]
[SourceVersionDate "2024.10.14"]
[SourceQuality "1"]

1. e4 c5 2. Nf3 Nc6 3. d4 cxd4 4. Nxd4 g6 5. c4 Bg7 6. Be3 Nf6 7. Nc3 0-0 8. Be2 b6 9. 0-0 Bb7 10. Nxc6 Bxc6 11. f3 d6 12. Qd2 Nd7 13. Rfd1 Rc8 14. Rac1 Nc5 15. Nd5 Bxd5 16. cxd5 Qd7 17. b3 f5 18. Qb4 fxe4 19. fxe4 Rb8 20. h3 Be5 21. Bg4 Qc7 22. Qe1 Qb7 23. Qh4 Bf6 24. Qe1 Qa6 25. Bh6 Nd3 26. Qf1 Bd4+ 27. Kh2 Be5+ 28. Kg1 Rxf1+ 29. Rxf1 Nxc1 30. Be6+ Kh8 31. Rxc1 Qe2 32. Kh1 Qh5 33. Be3 Rf8 34. Bg1 Qh4 35. Rc2 Qg3 36. Rc4 Rf1 37. Rc8+ Kg7 38. Rg8+ Kh6 0-1

[Event "Titled Tuesday intern op 24th Oct Early"]
[Site "Chess.com INT"]
[Date "2023.10.24"]
[Round "3"]
[White "Kukreja, Sankalp"]
[Black "Osmak, Iulija"]
[Result "1-0"]
[WhiteElo "2158"]
[BlackElo "2449"]
[PlyCount "39"]
[EventDate "2023.10.24"]
[EventType "swiss (blitz)"]
[EventRounds "11"]
[EventCountry "USA"]
[SourceTitle "EXT 2025"]
[Source "ChessBase"]
[SourceDate "2024.10.14"]
[SourceVersion "1"]
[SourceVersionDate "2024.10.14"]
[SourceQuality "1"]

1. e4 c6 2. d4 d5 3. exd5 cxd5 4. c4 Nf6 5. Nc3 e6 6. Nf3 Bb4 7. cxd5 Nxd5 8. Bd2 Nc6 9. Bd3 Nxc3 10. bxc3 Be7 11. 0-0 0-0 12. Qe2 Bd7 13. Rab1 Na5 14. c4 Bc6 15. Ne5 Rc8 16. Bc3 b6 17. Bxa5 bxa5 18. Nxc6 Rxc6 19. Qe4 g5 20. Qxh7# 1-0

[Event "Titled Tuesday intern op 17th Oct Early"]
[Site "Chess.com INT"]
[Date "2023.10.17"]
[Round "1"]
[White "Kukreja, Sankalp"]
[Black "De Silva, LMST"]
[Result "0-1"]
[WhiteElo "2158"]
[BlackElo "2394"]
[PlyCount "100"]
[EventDate "2023.10.17"]
[EventType "swiss (blitz)"]
[EventRounds "11"]
[EventCountry "USA"]
[SourceTitle "EXT 2025"]
[Source "ChessBase"]
[SourceDate "2024.10.14"]
[SourceVersion "1"]
[SourceVersionDate "2024.10.14"]
[SourceQuality "1"]

1. e4 c6 2. d4 d5 3. exd5 cxd5 4. c4 Nf6 5. Nc3 g6 6. Qb3 Bg7 7. cxd5 0-0 8. Be2 Nbd7 9. Bf3 Nb6 10. Nge2 Bg4 11. Bxg4 Nxg4 12. 0-0 Qd7 13. Bf4 Nf6 14. d6 exd6 15. Rac1 d5 16. Nb5 Nc4 17. Qb4 Rfc8 18. b3 Bf8 19. Qa4 a6 20. bxc4 axb5 21. Qxb5 Rxc4 22. Qxd7 Nxd7 23. Nc3 Nb6 24. Be3 Bb4 25. Nb5 Rxa2 26. Rb1 Na4 27. Rfc1 Nb2 28. g3 Nd3 29. Rxc4 dxc4 30. Rd1 Ba5 31. d5 Kf8 32. d6 Ke8 33. Bf4 Kd7 34. Nd4 Rb2 35. Nf3 b5 36. Ne5+ Nxe5 37. Bxe5 c3 38. Rc1 b4 39. Ra1 Re2 40. Rxa5 Rxe5 41. Ra7+ Kxd6 42. Ra6+ Kd5 43. Rb6 c2 44. Rb5+ Kc4 45. Rb8 c1Q+ 46. Kg2 b3 47. Rc8+ Rc5 48. Rd8 b2 49. Re8 b1Q 50. Re4+ Qxe4+ 0-1

[Event "Titled Tuesday intern op 10th Oct Early"]
[Site "Chess.com INT"]
[Date "2023.10.10"]
[Round "6"]
[White "Francisco Guecamburu, Candela Be"]
[Black "Kukreja, Sankalp"]
[Result "1-0"]
[WhiteElo "2345"]
[BlackElo "2158"]
[PlyCount "77"]
[EventDate "2023.10.10"]
[EventType "swiss (blitz)"]
[EventRounds "11"]
[EventCountry "USA"]
[SourceTitle "EXT 2025"]
[Source "ChessBase"]
[SourceDate "2024.10.14"]
[SourceVersion "1"]
[SourceVersionDate "2024.10.14"]
[SourceQuality "1"]

1. e4 c5 2. Nf3 g6 3. Bc4 Bg7 4. c3 e6 5. d4 cxd4 6. cxd4 d5 7. exd5 exd5 8. Bb5+ Bd7 9. Bxd7+ Qxd7 10. 0-0 Nc6 11. Nc3 Nge7 12. Re1 0-0 13. Ne5 Qc7 14. Bf4 Nxe5 15. dxe5 Qc4 16. Bg5 Nc6 17. Bf6 d4 18. Ne4 Nxe5 19. Rc1 Qd3 20. Qa4 Rfe8 21. Bxg7 Kxg7 22. Nc5 Qd2 23. Red1 Qg5 24. Qxd4 Kg8 25. Qc3 Rac8 26. Qg3 Qh5 27. Nxb7 Ng4 28. Nd6 Rxc1 29. Rxc1 Rd8 30. Ne4 Qh6 31. Re1 f5 32. Nc5 Qg7 33. Ne6 Qe7 34. Qb3 Re8 35. h3 Kh8 36. hxg4 fxg4 37. Re3 Qh4 38. Qc3+ Kg8 39. Qg7# 1-0

[Event "Titled Tuesday intern op 03rd Oct Early"]
[Site "Chess.com INT"]
[Date "2023.10.03"]
[Round "4"]
[White "Vasilevich, Tatjana"]
[Black "Kukreja, Sankalp"]
[Result "1-0"]
[WhiteElo "2302"]
[BlackElo "2158"]
[PlyCount "73"]
[EventDate "2023.10.03"]
[EventType "swiss (blitz)"]
[EventRounds "11"]
[EventCountry "USA"]
[SourceTitle "EXT 2025"]
[Source "ChessBase"]
[SourceDate "2024.10.14"]
[SourceVersion "1"]
[SourceVersionDate "2024.10.14"]
[SourceQuality "1"]

1. Nf3 d5 2. b3 Nf6 3. Bb2 c6 4. g3 Bf5 5. Bg2 h6 6. c4 e6 7. 0-0 e5 8. Nxe5 Bd6 9. d3 0-0 10. Nf3 Re8 11. Nc3 Qe7 12. Re1 Nbd7 13. e4 dxe4 14. dxe4 Bg4 15. h3 Bh5 16. Qd2 Rad8 17. Rad1 Ne5 18. Qe2 Qe6 19. g4 Bg6 20. Nd4 Qc8 21. f4 Bc5 22. Na4 Ned7 23. e5 Kh8 24. Qf2 Ng8 25. f5 Bh7 26. Nxc5 Nxc5 27. Ba3 b6 28. Nxc6 Rxd1 29. Rxd1 Ne7 30. Nxe7 Rxe7 31. Bb2 Rd7 32. Bd5 Bg8 33. Qf4 Qc7 34. f6 Ne6 35. fxg7+ Kxg7 36. Qf6+ Kh7 37. Be4# 1-0

[Event "Titled Tuesday intern op 19th Sep Early"]
[Site "Chess.com INT"]
[Date "2023.09.19"]
[Round "3"]
[White "Kukreja, Sankalp"]
[Black "Johnson, Ben"]
[Result "0-1"]
[WhiteElo "2158"]
[BlackElo "1967"]
[PlyCount "50"]
[EventDate "2023.09.19"]
[EventType "swiss (blitz)"]
[EventRounds "11"]
[EventCountry "USA"]
[SourceTitle "EXT 2024"]
[Source "ChessBase"]
[SourceDate "2023.10.10"]
[SourceVersion "1"]
[SourceVersionDate "2023.10.10"]
[SourceQuality "1"]

1. e4 c5 2. Nf3 g6 3. d4 cxd4 4. Qxd4 Nf6 5. Nc3 Nc6 6. Qa4 d6 7. e5 dxe5 8. Nxe5 Bd7 9. Nxd7 Nxd7 10. Bb5 Bg7 11. 0-0 0-0 12. Bg5 Nc5 13. Qh4 Ne6 14. Bxc6 Nxg5 15. Bxb7 Rb8 16. Qxg5 Rxb7 17. Rad1 Qe8 18. Qd5 Rxb2 19. Ne4 Rxc2 20. Rfe1 Qa4 21. Nc5 Qxa2 22. Qxa2 Rxa2 23. Rxe7 Rc8 24. Ne4 f5 25. Ng5 Bf6 0-1

[Event "Titled Tuesday intern op 19th Sep Early"]
[Site "Chess.com INT"]
[Date "2023.09.19"]
[Round "4"]
[White "Tarnowska, Aleksandra"]
[Black "Kukreja, Sankalp"]
[Result "0-1"]
[WhiteElo "1860"]
[BlackElo "2158"]
[PlyCount "106"]
[EventDate "2023.09.19"]
[EventType "swiss (blitz)"]
[EventRounds "11"]
[EventCountry "USA"]
[SourceTitle "EXT 2024"]
[Source "ChessBase"]
[SourceDate "2023.10.10"]
[SourceVersion "1"]
[SourceVersionDate "2023.10.10"]
[SourceQuality "1"]

1. e4 c5 2. Nf3 g6 3. c3 Bg7 4. d4 cxd4 5. cxd4 d5 6. e5 a6 7. Nc3 Nc6 8. Bg5 Bg4 9. Be2 f6 10. exf6 Nxf6 11. 0-0 0-0 12. Ne5 Bxe2 13. Nxe2 Nxe5 14. dxe5 Ne4 15. Bf4 e6 16. Rc1 Qb6 17. Qb3 Qxb3 18. axb3 g5 19. Be3 Bxe5 20. f3 Nd6 21. Bxg5 Bxb2 22. Rc7 Rac8 23. Rd7 Be5 24. f4 Rf7 25. fxe5 Rxd7 26. exd6 Rxd6 27. Bf4 Rb6 28. Nd4 Rf8 29. Be5 Rxf1+ 30. Kxf1 Kf7 31. Ke2 a5 32. g4 Rb4 33. Ke3 a4 34. bxa4 Rxa4 35. h4 b5 36. Nxb5 Rxg4 37. Nd6+ Ke7 38. Nb5 Rxh4 39. Bd6+ Kf6 40. Nc7 Re4+ 41. Kf3 Kf5 42. Ne8 Rc4 43. Bg3 Rc3+ 44. Kf2 h5 45. Nd6+ Kg4 46. Be5 Rc2+ 47. Ke3 h4 48. Nf7 h3 49. Nh6+ Kh5 50. Bf4 e5 51. Bxe5 Kxh6 52. Bf4+ Kg6 53. Kf3 h2 0-1

[Event "Titled Tuesday intern op 08th Aug Early"]
[Site "Chess.com INT"]
[Date "2023.08.08"]
[Round "1"]
[White "Kukreja, Sankalp"]
[Black "Koellner, Ruben Gideon"]
[Result "1-0"]
[WhiteElo "2158"]
[BlackElo "2478"]
[PlyCount "53"]
[EventDate "2023.08.08"]
[EventType "swiss (blitz)"]
[EventRounds "11"]
[EventCountry "USA"]
[SourceTitle "EXT 2024"]
[Source "ChessBase"]
[SourceDate "2023.10.10"]
[SourceVersion "1"]
[SourceVersionDate "2023.10.10"]
[SourceQuality "1"]

1. e4 d6 2. d4 Nf6 3. Nc3 e5 4. Nf3 Nbd7 5. Bc4 Be7 6. 0-0 c6 7. a4 h6 8. Re1 Qc7 9. Be3 Nf8 10. h3 g5 11. dxe5 dxe5 12. Nxe5 Qxe5 13. Bd4 Qf4 14. g3 Qc7 15. e5 Be6 16. exf6 Bd6 17. Bxe6 Nxe6 18. Rxe6+ fxe6 19. f7+ Kxf7 20. Qh5+ Ke7 21. Bxh8 Rxh8 22. Ne4 Be5 23. Rd1 Bg7 24. Qg6 Qe5 25. Nc5 Rd8 26. Rxd8 Kxd8 27. Nxe6+ 1-0